[Event "Australian Masters"]
[Site "Melbourne AUS"]
[Date "2001.07.09"]
[Round "3"]
[White "Dizdarevic,M"]
[Black "Hacche,D"]
[Result "0-1"]
[WhiteElo "2095"]
[BlackElo "2218"]

1.e4 g6 2.d4 Bg7 3.Nc3 d6 4.Be3 c6 5.Qd2 Nd7 6.Bc4 d5 7.Bb3 dxe4 8.Nxe4 Ngf6
9.Ng5 O-O 10.N1f3 Nd5 11.O-O-O h6 12.Ne4 Nxe3 13.fxe3 a5 14.a3 Qc7 15.Nh4 Kh7
16.Qd3 f5 17.Ng3 Nf6 18.Rhf1 e6 19.e4 a4 20.Ba2 Ra5 21.e5 Nd5 22.Ne2 Qe7
23.Qg3 Qg5+ 24.Qxg5 hxg5 25.Bxd5 cxd5 26.Nf3 Bh6 27.Kb1 b6 28.Ne1 g4 29.Nd3 Ba6
30.g3 g5 31.Nec1 Bc4 32.Rf2 Ra7 33.Rh1 Kg6 34.Rhf1 Raf7 35.b3 Bb5 36.Kb2 Rc7
37.Rd1 Rfc8 38.Rdd2 Bf8 39.Rg2 Ra8 40.b4 Rac8 41.Na2 Kh5 42.Rgf2 Bh6 43.Nac1 Rf7
44.Rd1 Rcf8 45.Rdf1 f4 46.Kc3 Kg6 47.Kb2 fxg3 48.hxg3 Rxf2 49.Rxf2 Rf3 50.Rg2 Kf5
51.Kc3 Bf8 52.Kd2 Bxd3 53.Nxd3 Ke4 54.Ne1 Rxa3 55.c3 Ra2+ 56.Nc2 Kf3 57.Rg1 Be7
58.Kd3 Kf2 59.Rc1 Kxg3 60.Rg1+ Kh3 61.Rh1+ Kg2 62.Rh7 Bd8 63.Ne3+ Kg3 64.Rd7 Rf2
65.Rxd8 a3 66.Ra8 a2 67.c4 dxc4+ 68.Nxc4 Kh2 69.Nd2 g3 70.Rxa2 Kh3 71.Ra1 g2
72.Ke3 Rf8 73.Nf3 g4 74.Nd2 Kh2 75.d5 exd5 76.Kd4 g1=Q+ 77.Rxg1 Kxg1 78.e6 Kf2
79.Ke5 g3 80.e7 Re8 81.Kd6 Rxe7  0-1

[Event "ch-SCO"]
[Site "Aberdeen SCO"]
[Date "2001.07.11"]
[Round "5"]
[White "Motwani,P"]
[Black "McNab,C"]
[Result "1/2-1/2"]
[WhiteElo "2511"]
[BlackElo "2437"]

1.e4 g6 2.d4 d6 3.Nc3 Bg7 4.f4 Nf6 5.Nf3 O-O 6.a3 c5 7.dxc5 Qa5 8.b4 Qd8
9.Rb1 Nfd7 10.Qd2 dxc5 11.e5 cxb4 12.axb4 Nb6 13.Bd3 Nc6 14.Qf2 Bg4 15.Ne4 Nd5
16.Bd2 Rc8 17.O-O Bxf3 18.Qxf3 Nd4 19.Qf2 Nxc2 20.Nc5 b6 21.Bxc2  1/2-1/2

[Event "Glorney Cup"]
[Site "Hyerois FRA"]
[Date "2001.07.11"]
[Round "5"]
[White "Buckley,S"]
[Black "Stehno,P"]
[Result "0-1"]
[WhiteElo "2268"]
[BlackElo "2246"]

1.e4 d6 2.d4 g6 3.Nc3 Bg7 4.Nf3 Nf6 5.Be3 c6 6.Qd2 Qc7 7.Bh6 Bxh6 8.Qxh6 b5
9.Bd3 Nbd7 10.Ng5 a6 11.Qg7 Rf8 12.Nxh7 Nxh7 13.Qxh7 Bb7 14.Ne2 O-O-O 15.Qh3 Kb8
16.Qe3 e5 17.dxe5 Nxe5 18.f4 Ng4 19.Qg3 Nf6 20.Qg5 Nh7 21.Qh4 c5 22.Qxh7 c4
23.Qg7 d5 24.e5 cxd3 25.cxd3 d4 26.Kf2 Qc6 27.Rhg1 f6 28.Rac1 Qd5 29.Qc7+ Ka8
30.exf6 Rxf6 31.Rc5 Qg8 32.Rgc1 Rfd6 33.Re5 R6d7 34.Qb6 Qh7 35.Kg1 Kb8 36.Rec5 Qe7
37.Re5 Qb4 38.Rec5 Ka8 39.Kf2 Rd6 40.Qc7 R8d7 41.a3 Qd2  0-1

[Event "Geller Mem"]
[Site "Odessa UKR"]
[Date "2001.07.11"]
[Round "9"]
[White "Petrenko,S"]
[Black "Zakharchenko,A"]
[Result "1/2-1/2"]
[WhiteElo "2357"]
[BlackElo "2399"]

1.e4 g6 2.d4 d6 3.Nc3 Bg7 4.Be3 c6 5.Qd2 b5 6.f3 Nd7 7.d5 b4 8.dxc6 bxc3
9.cxd7+ Bxd7 10.bxc3 Nf6 11.Bd4 Qa5 12.Bd3 O-O 13.Ne2 e5 14.Be3 d5 15.c4 Qxd2+
16.Bxd2 dxe4 17.fxe4 Rfc8 18.Rb1 Be6 19.Rb4 Bf8 20.Ra4 Nd7 21.Be3 Nb6 22.Bxb6 axb6
23.Nc3 Rxa4 24.Nxa4 Bb4+ 25.Kd1 Ra8 26.Nxb6 Bg4+ 27.Kc1 Ba3+ 28.Kd2 Bb4+
29.Kc1 Ba3+ 30.Kd2 Bb4+ 31.c3 Rxa2+ 32.Bc2 Bc5 33.Rb1 Kg7 34.Rb5 Bg1 35.h3 Be6
36.Nd5 Ra8 37.Rb7 h5 38.Bb3 Ra1 39.Bd1 Ra2+ 40.Bc2 Ra1 41.Kd3 h4 42.Nc7 Bd7
43.Nb5 Be6 44.Nc7 Bd7  1/2-1/2

[Event "Australian Masters"]
[Site "Melbourne AUS"]
[Date "2001.07.13"]
[Round "7"]
[White "Baron,M"]
[Black "Dizdarevic,M"]
[Result "1-0"]
[WhiteElo "2321"]
[BlackElo "2095"]

1.e4 g6 2.d4 Bg7 3.Nc3 d6 4.Bc4 Nc6 5.Be3 e5 6.Nge2 Nf6 7.f3 O-O 8.a3 a6
9.O-O b5 10.Ba2 exd4 11.Nxd4 Nxd4 12.Bxd4 Re8 13.Re1 Bb7 14.Bf2 Nd7 15.Qd2 Rc8
16.Rab1 Be5 17.Nd5 Bg7 18.c4 c6 19.Ne3 Nc5 20.Red1 Bf8 21.Ng4 h5 22.Nh6+ Bxh6
23.Qxh6 Ne6 24.cxb5 cxb5 25.Bd4 Nxd4 26.Qxg6+ Kh8 27.Qxh5+ Kg7 28.Qxf7+ Kh8
29.Rxd4 Rc7 30.Qf4 Re5 31.Qxe5+  1-0

[Event "Australian Masters"]
[Site "Melbourne AUS"]
[Date "2001.07.13"]
[Round "7"]
[White "Rujevic,M"]
[Black "Hacche,D"]
[Result "1-0"]
[WhiteElo "2355"]
[BlackElo "2218"]

1.e4 g6 2.d4 Bg7 3.Nc3 d6 4.Nf3 Nf6 5.Bg5 c6 6.h3 a6 7.Bd3 Nbd7 8.Qd2 h6
9.Be3 e5 10.dxe5 dxe5 11.a4 a5 12.Bc4 Qe7 13.Rd1 g5 14.O-O O-O 15.Qd6 Qxd6
16.Rxd6 Re8 17.Rfd1 Bf8 18.R6d3 Bb4 19.Nh2 Kg7 20.f3 Nf8 21.Ne2 Be6 22.Bxe6 Nxe6
23.Ng3 Bc5 24.Nf5+ Kg6 25.Ng4 Nxg4 26.hxg4 Bxe3+ 27.Nxe3 Nc5 28.Rd6+ Re6
29.b3 Kf6 30.Rd8 Rxd8 31.Rxd8 b5 32.axb5 cxb5 33.Rb8 b4 34.Rb5 Rc6 35.Rxa5 Ne6
36.Nd5+ Kg7 37.Nxb4  1-0

[Event "Aegean Open"]
[Site "Ikaros GRE"]
[Date "2001.07.14"]
[Round "8"]
[White "Saathoff,R"]
[Black "Khetsuriani,B"]
[Result "0-1"]
[WhiteElo "2121"]
[BlackElo "2415"]

1.e4 d6 2.d4 g6 3.Nc3 Bg7 4.Bg5 Nd7 5.Qd2 c5 6.Nge2 Qa5 7.f3 Rb8 8.dxc5 Nxc5
9.Nd4 a6 10.Be2 Ne6 11.Be3 Nf6 12.O-O O-O 13.Nb3 Qd8 14.f4 b6 15.Rae1 Bb7
16.Bf3 Nc5 17.Bd4 Ne6 18.Be3 Nd7 19.Nd4 Nxd4 20.Bxd4 e5 21.fxe5 Nxe5 22.Rd1 b5
23.Be2 b4 24.Nd5 Bxd5 25.exd5 a5 26.c4 Rc8 27.b3 Nd7 28.Bf2 h5 29.Bf3 Ra8
30.Qc2 Re8 31.Rfe1 Bc3 32.Rxe8+ Qxe8 33.Rd3 a4 34.bxa4 Ne5 35.Re3 Bd4 36.Re2 Bxf2+
37.Kxf2 Qxa4 38.Rd2 Qa7+ 39.Kf1 Qe3 40.Re2 Qf4 41.Qe4 Qxh2 42.c5 b3 43.axb3 Ra1+
44.Kf2 f5 45.Qc2 Rc1 46.Qd2 Rxc5 47.Re1 Qh4+ 48.Kf1 Qg3 49.Ra1 Nxf3 50.Ra8+ Kf7
51.Ra7+ Kf6 52.gxf3 Qxf3+ 53.Kg1 Qxb3 54.Qe1 Rc1 55.Qxc1 Qb6+ 56.Kg2 Qxa7
57.Qc3+ Kf7 58.Qc6 Qe7 59.Qc4 Qe4+  0-1

[Event "Australian Masters"]
[Site "Melbourne AUS"]
[Date "2001.07.14"]
[Round "8"]
[White "Levi,E"]
[Black "Rujevic,M"]
[Result "1/2-1/2"]
[WhiteElo "2247"]
[BlackElo "2355"]

1.e4 g6 2.Nc3 Bg7 3.d4 d6 4.Be3 Nf6 5.Qd2 c6 6.Bh6 Bxh6 7.Qxh6 Qa5 8.O-O-O Be6
9.d5 cxd5 10.exd5 Bf5 11.Nf3 Nbd7 12.Nd4 O-O-O 13.Nxf5 gxf5 14.Qf4 Ne4 15.Nxe4 fxe4
16.Qxe4 Qxa2 17.c3 Nc5 18.Qb4 Qb3 19.Qxb3 Nxb3+ 20.Kc2 Nc5 21.g3 e5 22.dxe6 fxe6
23.Bh3 Kc7 24.Rhe1 e5 25.b4  1/2-1/2

[Event "PanAm Junior"]
[Site "Yucay PER"]
[Date "2001.07.14"]
[Round "8"]
[White "Bittencourt,J"]
[Black "Bustamante Montoni,R"]
[Result "1/2-1/2"]
[WhiteElo "2283"]
[BlackElo "2184"]

1.e4 d6 2.d4 g6 3.Nc3 Bg7 4.Nf3 Nf6 5.Bc4 O-O 6.Qe2 c6 7.e5 Nd5 8.Ne4 dxe5
9.Nxe5 Nb6 10.c3 Nxc4 11.Nxc4 Nd7 12.Bf4 Nf6 13.Nxf6+ Bxf6 14.O-O Be6 15.Ne5 Qb6
16.Rfd1 Rfd8 17.Nd3 Bc4 18.Qc2 Bxd3 19.Rxd3 Rd7 20.Rad1 Rad8  1/2-1/2

[Event "Australian Masters"]
[Site "Melbourne AUS"]
[Date "2001.07.15"]
[Round "9"]
[White "Rujevic,M"]
[Black "Dizdarevic,M"]
[Result "1-0"]
[WhiteElo "2355"]
[BlackElo "2095"]

1.e4 d6 2.d4 g6 3.Nc3 Bg7 4.Nf3 c6 5.Bd3 Nd7 6.O-O Qb6 7.Bc4 Ngf6 8.e5 dxe5
9.dxe5 Ng4 10.e6 fxe6 11.Ng5 Nge5 12.Bxe6 Nc5 13.Be3 Qxb2 14.Bxc5 Qxc3 15.Bd4 Qa5
16.f4 Bf6 17.Bxe5 Rf8 18.Bxc8 Rxc8 19.Qg4  1-0

[Event "ch-SUI Women"]
[Site "Scuol SUI"]
[Date "2001.07.15"]
[Round "4"]
[White "Sedina,E"]
[Black "Ramseier,Ja"]
[Result "1/2-1/2"]
[WhiteElo "2380"]
[BlackElo "2158"]

1.e4 g6 2.d4 Bg7 3.Nc3 d6 4.Be3 Nf6 5.Qd2 c6 6.f3 b5 7.Nge2 Nbd7 8.Bh6 Bxh6
9.Qxh6 e5 10.Qd2 Bb7 11.O-O-O Qa5 12.a3 O-O-O 13.Kb1 Kb8 14.Nc1 Qb6 15.Nb3 a6
16.dxe5 dxe5 17.Qd6+ Qc7 18.Be2 Rhe8 19.Na5 Ba8 20.b4 Re6 21.Qxc7+ Kxc7 22.Nb3 Bb7
23.a4 Ree8 24.Kb2 Nf8 25.Nc5 Rxd1 26.Rxd1 Bc8 27.g3 Ne6 28.Nxe6+ Rxe6 29.Bd3 Re8
30.Rf1 h5 31.f4 Bh3 32.Ra1 Kb6 33.axb5 axb5 34.fxe5 Ng4 35.Bf1 Bxf1 36.Rxf1 Nxe5
37.Rf6 Kc7 38.Ne2 Nc4+ 39.Kc3 Nd6 40.Kd3 Re7 41.Nd4 Kd7  1/2-1/2

[Event "Dutch Open"]
[Site "Dieren NED"]
[Date "2001.07.20"]
[Round "4"]
[White "Hendriks,W"]
[Black "Berelovich,A"]
[Result "1/2-1/2"]
[WhiteElo "2321"]
[BlackElo "2513"]

1.e4 g6 2.d4 Bg7 3.Nc3 d6 4.Bg5 c5 5.dxc5 Qa5 6.Qd2 Qxc5 7.Nd5 Be6 8.c4 Nd7
9.Be3 Qc8 10.f3 Ngf6 11.Rc1 Ne5 12.b3 h5 13.Ne2 h4 14.Nd4 h3 15.g3 Qd7 16.Be2 Bxd5
17.cxd5 O-O 18.O-O Rfc8 19.Rxc8+ Rxc8 20.Rc1 a6 21.Rxc8+ Qxc8 22.Qc2 Qd8
23.b4 Kh7 24.Nb3 Qd7 25.Nd4 Qd8 26.Qd2 Qd7 27.Qd1 Qc7 28.Qc2  1/2-1/2

[Event "Heart of Finland Open"]
[Site "Jyvaskyla FIN"]
[Date "2001.07.20"]
[Round "5"]
[White "Gamback,B"]
[Black "Kochyev,A"]
[Result "0-1"]
[WhiteElo "2167"]
[BlackElo "2424"]

1.e4 g6 2.d4 Bg7 3.Nc3 d6 4.g3 Nf6 5.Bg2 O-O 6.Nge2 e5 7.h3 c6 8.O-O b5 9.a3 Bb7
10.Be3 Nbd7 11.f4 exd4 12.Nxd4 Re8 13.Re1 a5 14.e5 dxe5 15.Ndxb5 exf4 16.gxf4 cxb5
17.Bxb7 Rb8 18.Bf3 b4 19.axb4 axb4 20.Na4 Qc7 21.Qd2 Bh6 22.Kh1 Ne4 23.Qg2 Ndf6
24.Bg1 Nd6 25.Nc5 Rxe1 26.Rxe1 Rc8 27.Qd2 Nf5 28.Qxb4 Bf8 29.Qc3 Bxc5 30.Qxf6 Qxf4
31.Qc3 Bf8 32.Bc6 Bb4 33.Qe5 Qxe5 34.Rxe5 Rxc6 35.c3 Bd6 36.Re8+ Kg7 37.Kg2 Kf6
38.Kf3 Be5 39.Bf2 h5 40.Ra8 Nd6 41.Ke2 g5 42.Rh8 Kg6 43.Kd3 Bxh8  0-1

[Event "Czech Open"]
[Site "Pardubice CZE"]
[Date "2001.07.20"]
[Round "1"]
[White "Socko,B"]
[Black "Jasim,A"]
[Result "1-0"]
[WhiteElo "2559"]
[BlackElo "2293"]

1.e4 g6 2.d4 Bg7 3.Nc3 d6 4.Be3 c6 5.Qd2 b5 6.f3 Nd7 7.g4 h5 8.g5 Qc7 9.Nge2 Nb6
10.b3 e6 11.Bg2 Ne7 12.O-O O-O 13.Rae1 a5 14.Ng3 b4 15.Nce2 e5 16.f4 c5 17.dxe5 dxe5
18.f5 Rd8 19.Qc1 Bf8 20.h4 a4 21.Rf2 c4 22.Ref1 axb3 23.axb3 Ra3 24.Kh2 Nd7
25.Bh3 Nc5 26.Nc3 Ra6 27.Nd5 Nxd5 28.exd5 e4 29.fxg6 fxg6 30.Bxc8 Qxc8 31.bxc4 Bd6
32.Bf4 b3 33.Bxd6 Raxd6 34.Qf4 bxc2 35.Rxc2 Qd7 36.Nxe4 Nxe4 37.Qxe4 Re8
38.Qf4 Ra6 39.Rf3 Ra4 40.Rcf2 Rc8 41.Qe4 Qd6+ 42.Kh3 Raxc4 43.Qe6+ Qxe6+
44.dxe6 Rc3 45.Kg3 Rxf3+ 46.Rxf3 Rc5 47.Rf6 Kg7 48.Kf4 Rc1 49.Rf7+ Kg8 50.Ke5 Rh1
51.Kf6 Rxh4 52.e7 Re4 53.Rf8+  1-0

[Event "Politiken Cup"]
[Site "Copenhagen DEN"]
[Date "2001.07.21"]
[Round "7"]
[White "Berg,K"]
[Black "Brondum,E"]
[Result "1-0"]
[WhiteElo "2438"]
[BlackElo "2224"]

1.e4 g6 2.d4 Bg7 3.Nc3 d6 4.Be3 c6 5.Qd2 b5 6.f4 Bb7 7.Nf3 Nd7 8.Bd3 Nb6
9.O-O Nf6 10.f5 b4 11.Ne2 gxf5 12.exf5 Nbd5 13.Bg5 a5 14.c4 Nb6 15.b3 Qc7
16.a3 c5 17.axb4 axb4 18.Rxa8+ Bxa8 19.d5 Bb7 20.Ng3 Rg8 21.Re1 Kd8 22.Bxf6 Bxf6
23.Qh6 Nd7 24.Ne4 Qa5 25.Qxh7 Rh8 26.Qxf7 Ne5 27.Nxe5 Bxe5 28.f6 Re8 29.Qh7 Kc7
30.f7 Rf8 31.Ng5 Bc8 32.Qg8  1-0

[Event "Heart of Finland Open"]
[Site "Jyvaskyla FIN"]
[Date "2001.07.21"]
[Round "7"]
[White "Luukkonen,T"]
[Black "Kochyev,A"]
[Result "0-1"]
[WhiteElo "2203"]
[BlackElo "2424"]

1.e4 g6 2.d4 Bg7 3.Nc3 d6 4.Be3 c6 5.a4 Nf6 6.h3 O-O 7.Nf3 b6 8.Be2 Na6 9.O-O Nc7
10.d5 Bb7 11.dxc6 Bxc6 12.Qd3 Nd7 13.Bd4 Bh6 14.Nh2 Ne5 15.Qg3 Ne6 16.Be3 Bg7
17.Rad1 Nc5 18.f4 Ned7 19.e5 dxe5 20.f5 e6 21.Bc4 exf5 22.Bg5 f4 23.Qh4 Qe8
24.Rd6 Rc8 25.Ng4 Kh8 26.Be7 f5 27.b4 fxg4 28.bxc5 gxh3 29.Bxf8 Bxf8 30.Nd5 hxg2
31.Rf3 Bxd6 32.cxd6 Bxd5 33.Bxd5 Qd8 34.Qh6 Nf6 35.Be6 Rc6 36.Qg5 Kg7 37.Rh3 Rxd6  0-1

[Event "Heart of Finland Open"]
[Site "Jyvaskyla FIN"]
[Date "2001.07.21"]
[Round "7"]
[White "Sorsa,N"]
[Black "Lehtinen,H"]
[Result "1-0"]
[WhiteElo "2239"]
[BlackElo "2346"]

1.e4 g6 2.d4 Bg7 3.Nc3 d6 4.Nf3 c6 5.Be3 b5 6.a3 Nd7 7.Qd2 Qc7 8.Bd3 Ngf6
9.Bh6 O-O 10.Bxg7 Kxg7 11.O-O a6 12.Ne2 e5 13.c3 d5 14.Ng3 exd4 15.Nxd4 c5
16.Nde2 dxe4 17.Bxe4 Nxe4 18.Nxe4 Bb7 19.Nd6 Bc6 20.Rad1 Rad8 21.Qf4 Kg8
22.Ng3 f5 23.Qg5 Ne5 24.Ngxf5 Nf7 25.Ne7+ Kg7 26.Ndf5+  1-0

[Event "COQ Open"]
[Site "Quebec CAN"]
[Date "2001.07.21"]
[Round "1"]
[White "Turov,M"]
[Black "Luksza,A"]
[Result "1-0"]
[WhiteElo "2550"]
[BlackElo "2073"]

1.e4 g6 2.d4 Bg7 3.Nc3 d6 4.Bg5 Nc6 5.Nge2 h6 6.Bh4 Nf6 7.f4 a6 8.Qd2 b5
9.e5 dxe5 10.fxe5 Nd5 11.g4 Nxc3 12.Qxc3 Qd5 13.Rg1 b4 14.Qd3 Bb7 15.Bg2 Qb5
16.O-O-O g5 17.Bg3 Qxd3 18.Rxd3 O-O-O 19.Rgd1 e6 20.c3 a5 21.Kb1 Rd7 22.Nc1 Rhd8
23.Re3 bxc3 24.bxc3 Na7 25.Bxb7+ Kxb7 26.Nb3 Bf8 27.Nxa5+ Ka6 28.Nb3 Nb5
29.Rf1 Na3+ 30.Kc1 Nc4 31.Ref3 Ba3+ 32.Kc2 c5 33.Kd3 Nb2+ 34.Ke4 Na4 35.Be1 c4
36.Nd2 Nxc3+ 37.Rxc3 Rxd4+ 38.Ke3 Bb4 39.Rc2 Rd3+ 40.Ke2 Bxd2 41.Rxd2 R8d5
42.Rxf7 Rxe5+ 43.Kd1 Re4 44.Rxd3 cxd3 45.Rd7 Rxg4 46.Rxd3 h5 47.Re3 h4 48.Rxe6+ Kb7
49.Re2 Ra4 50.Rg2 Ra3 51.Rxg5 Rxa2 52.Bd2 Kc6 53.Rg4  1-0

[Event "Wilbert Paige Mem"]
[Site "New York USA"]
[Date "2001.07.22"]
[Round "8"]
[White "Solomon,K"]
[Black "Muhammad,S"]
[Result "1-0"]
[WhiteElo "2290"]
[BlackElo "2307"]

1.d4 d6 2.e4 g6 3.Nc3 Bg7 4.Nf3 Nd7 5.Be2 c5 6.d5 a6 7.a4 Ngf6 8.O-O O-O
9.Nd2 Ne8 10.Nc4 Rb8 11.a5 Nc7 12.Na4 Nf6 13.Bf3 Bd7 14.Re1 Bb5 15.Nab6 Nd7
16.Nxd7 Qxd7 17.Ne3 Qd8 18.c3 b6 19.axb6 Rxb6 20.Qc2 Qb8 21.h4 Rb7 22.h5 Ra7
23.Ng4 Bd7 24.Nh6+ Kh8 25.g3 Bf6 26.hxg6 hxg6 27.Kg2 Kg7 28.Bg4 Qc8 29.Qe2 Rh8
30.Bxd7 Qxd7 31.Qg4 Qxg4 32.Nxg4 Kf8 33.e5 dxe5 34.Be3 Nxd5 35.Bxc5 Rc7 36.Nxf6 Nxf6
37.Rxe5 Ng4 38.Rd5 Nf6 39.Rd8+ Kg7 40.Rxh8 Kxh8 41.Bb6 Rc6 42.Bd4 Kg8 43.Rh1 Nh5
44.Kf3 f6 45.Ke4 Ng7 46.Kd5 Rd6+ 47.Kc4 Ne6 48.Be3 g5 49.b4 Kf7 50.Rh8 f5
51.Bc5 Rd7 52.Ra8 Nc7 53.Ra7 Ke8 54.Be3 f4 55.gxf4 gxf4 56.Bxf4 Ne6 57.Ra8+ Rd8
58.Rxd8+ Kxd8 59.Be5 Kc8 60.Kd5 Nd8 61.c4 Kb7 62.Bc3 Kb6 63.f4 Kb7 64.f5 Kb6
65.Be1 Kc7 66.b5  1-0

[Event "MTO"]
[Site "Biel SUI"]
[Date "2001.07.23"]
[Round "1"]
[White "Kritz,L"]
[Black "Strauss,J"]
[Result "1-0"]
[WhiteElo "2423"]
[BlackElo "2110"]

1.e4 d6 2.d4 g6 3.Nc3 Bg7 4.Be3 Nf6 5.Qd2 O-O 6.f3 c6 7.Bh6 e5 8.Bxg7 Kxg7
9.O-O-O Qa5 10.h4 h5 11.Nh3 b5 12.Ng5 Nbd7 13.Be2 b4 14.Nb1 Rb8 15.a3 Ba6
16.axb4 Qb6 17.Bxa6 Qxa6 18.Qc3 Rb6 19.dxe5 dxe5 20.Rd6 Rfb8 21.Rhd1 Rxb4
22.b3 R8b7 23.Rxc6 Qe2 24.Qd2 Qb5 25.Qd6 Rd4 26.Rxd4 exd4 27.Na3 Qa5 28.Qe7 Qe1+
29.Kb2 Qxh4 30.Qxf7+ Kh6 31.Ne6 Nc5 32.Qf8+ Kh7  1-0

[Event "Politiken Cup"]
[Site "Copenhagen DEN"]
[Date "2001.07.23"]
[Round "9"]
[White "Jepson,C"]
[Black "Hoi,C"]
[Result "1/2-1/2"]
[WhiteElo "2373"]
[BlackElo "2407"]

1.e4 g6 2.d4 Bg7 3.Nc3 d6 4.f4 c6 5.Nf3 d5 6.e5 h5 7.Be3 Nh6 8.Qd2 Bg4 9.Be2 Nd7
10.Bf2 e6 11.Ng5 Bxe2 12.Nxe2 Nf5 13.Ng3 Bf8 14.O-O-O a5 15.Nf3 Bb4 16.Qe2 Be7
17.Qe1 Rg8 18.Rg1 a4 19.h3 Nb6 20.Nxf5 gxf5 21.Bh4 Nc4 22.Bxe7 Qxe7 23.Rd3 b5
24.a3 Kd7 25.c3 Rh8  1/2-1/2

[Event "Politiken Cup"]
[Site "Copenhagen DEN"]
[Date "2001.07.23"]
[Round "9"]
[White "Preuss,F"]
[Black "Brondum,E"]
[Result "1/2-1/2"]
[WhiteElo "2062"]
[BlackElo "2224"]

1.e4 g6 2.d4 Bg7 3.Nc3 d6 4.Be3 a6 5.Qd2 b5 6.h4 Nf6 7.f3 h5 8.Nh3 Nbd7 9.Ng5 Bb7
10.Be2 Rc8 11.a4 b4 12.Nd1 a5 13.c4  1/2-1/2

[Event "XXI Open"]
[Site "Cullera ESP"]
[Date "2001.07.23"]
[Round "5"]
[White "Garcia Fernandez,C"]
[Black "Soloviov,S"]
[Result "1/2-1/2"]
[WhiteElo "2411"]
[BlackElo "2417"]

1.e4 g6 2.d4 Bg7 3.Nc3 d6 4.h4 Nf6 5.Be2 c5 6.dxc5 Qa5 7.Bd2 Qxc5 8.h5 gxh5
9.Be3 Qa5 10.f3 Nc6 11.Bb5 a6 12.Ba4 Bd7 13.Ne2 Rc8 14.Rf1 Ne5 15.Bxd7+ Nexd7
16.Ng3 Rg8 17.Nf5 Bf8 18.Qd4 Qc5 19.Rd1 Qxd4 20.Bxd4 Rc6 21.Bf2 b5 22.a3 e6
23.Ne3 Bh6 24.Ne2 Bxe3 25.Bxe3 Rxc2 26.Rxd6 Rxb2 27.Rxa6 Rb1+ 28.Bc1 Ne5
29.Ra8+ Kd7 30.Rxg8 Nxg8 31.Kf2 Nf6 32.Rd1+ Kc6 33.Nd4+ Kb7 34.Ke2 Nc4 35.Nc2 Ka6
36.Ne3 Ra1 37.Nxc4 bxc4 38.Rd6+ Kb5 39.Bg5 Ne8 40.Rd8 Ra2+ 41.Kf1 f6 42.Rb8+ Ka4
43.Bh6 Nd6 44.Bf8 Nb5 45.Ra8+ Kb3 46.Rb8 Ka4 47.Ra8+  1/2-1/2

[Event "Czech Open"]
[Site "Pardubice CZE"]
[Date "2001.07.24"]
[Round "5"]
[White "Navara,D"]
[Black "Pribyl,J"]
[Result "1-0"]
[WhiteElo "2491"]
[BlackElo "2397"]

1.e4 g6 2.d4 Bg7 3.Nc3 d6 4.Be3 c6 5.f4 d5 6.e5 h5 7.Nf3 Nh6 8.Bd3 Bf5 9.O-O Bxd3
10.Qxd3 e6 11.Ne2 Qb6 12.b3 Qa6 13.c4 Nd7 14.Qc2 O-O 15.h3 Rfc8 16.Rac1 Bf8
17.Bf2 Ba3 18.cxd5 cxd5 19.Qxc8+ Rxc8 20.Rxc8+ Kg7 21.Nc3 b5 22.Rc7 Nb8 23.Bh4 Nc6
24.Bf6+ Kg8 25.Nxb5 Qxb5 26.Rc8+ Bf8 27.Rc1 Nf5 28.R1xc6 Qb4 29.Rc5 Qb7 30.R5c7 Qb4
31.Rd7 Kh7 32.Rxf7+ Bg7 33.Ng5+  1-0

[Event "Czech Open"]
[Site "Pardubice CZE"]
[Date "2001.07.24"]
[Round "5"]
[White "Berger,Stev"]
[Black "Bokros,A"]
[Result "1-0"]
[WhiteElo "2311"]
[BlackElo "2433"]

1.e4 g6 2.d4 Bg7 3.Nc3 d6 4.Nf3 c6 5.h3 Nd7 6.a4 Qc7 7.Be3 Ngf6 8.a5 O-O
9.Be2 e5 10.dxe5 dxe5 11.Bc4 Nh5 12.O-O Nf4 13.Qd2 Nf6 14.Rfd1 Ne6 15.Qd6 Qxd6
16.Rxd6 Re8 17.Rd2 Nh5 18.Rad1 h6 19.Ne2 Nhf4 20.Ng3 Bf6 21.h4 Kg7 22.Nf1 Nh5
23.c3 Bd8 24.Nxe5 Nf6 25.Bxh6+ Kxh6 26.Nxf7+ Kg7 27.Nxd8 Nc5 28.f3 Re7 29.a6  1-0

[Event "COQ Open"]
[Site "Quebec CAN"]
[Date "2001.07.24"]
[Round "5"]
[White "Sullivan,N"]
[Black "Luksza,A"]
[Result "0-1"]
[WhiteElo "2094"]
[BlackElo "2073"]

1.e4 g6 2.d4 Bg7 3.Nc3 d6 4.Bg5 Nc6 5.Nge2 a6 6.Qd2 h6 7.Be3 Nf6 8.f4 b5
9.a3 Bb7 10.b3 e6 11.h3 Ne7 12.Ng3 d5 13.e5 Nd7 14.Bd3 Rc8 15.O-O c5 16.Bxb5 axb5
17.Nxb5 O-O 18.Nd6 Ba6 19.Nxc8 cxd4 20.Nxe7+ Qxe7 21.Bxd4 Bxf1 22.Nxf1 f6
23.Qc3 fxe5 24.fxe5 Rf4 25.Re1 Qxa3 26.Qc8+ Kh7 27.Qxd7 Rxd4 28.Qxe6 Qc5
29.Ne3 Re4 30.Kf2 Rxe5 31.Qg4 d4 32.Nc4 Qf8+  0-1

[Event "Lasker Mem Open"]
[Site "Barlinek CZE"]
[Date "2001.07.25"]
[Round "9"]
[White "Shilov,S"]
[Black "Szczechowicz,B"]
[Result "1/2-1/2"]
[WhiteElo "2291"]
[BlackElo "2298"]

1.e4 g6 2.d4 Bg7 3.Nc3 d6 4.f4 Nf6 5.Nf3 O-O 6.e5 Nfd7 7.h4 c5 8.h5 cxd4
9.Qxd4 dxe5 10.Qf2 e4 11.Nxe4 Nf6 12.Nxf6+ exf6 13.Bd3 Re8+ 14.Kf1 Nd7 15.hxg6 hxg6
16.Qh4 Nc5 17.Be2 b6 18.Bd2 Bf5 19.Bc3  1/2-1/2

[Event "Continental Open"]
[Site "Las Vegas USA"]
[Date "2001.07.26"]
[Round "1"]
[White "Anka,E"]
[Black "Salman,N"]
[Result "1-0"]
[WhiteElo "2390"]
[BlackElo "2264"]

1.e4 g6 2.d4 Bg7 3.Nc3 d6 4.Be3 c6 5.Qd2 Nd7 6.f3 b5 7.a4 b4 8.Nd1 a5 9.c3 Rb8
10.Nh3 Qb6 11.Nf4 c5 12.Bb5 cxd4 13.Bxd4 Bxd4 14.cxd4 Ba6 15.Bxd7+ Kxd7 16.Ne3 e6
17.e5 d5 18.Nh3 h5 19.Kf2 Nh6 20.Nf4 Nf5 21.Nxf5 gxf5 22.b3 Rbc8 23.Rac1 h4
24.Qe3 Rc3 25.Rxc3 bxc3 26.Qxc3 Rc8 27.Qb2 Qb4 28.Rb1 Rc3 29.Rd1 Rxb3 30.Qc1 Rc3
31.Qd2 Rc4 32.Nd3 Qxd2+ 33.Rxd2 Kc6 34.Nc5 Kb6 35.Ke3 Rc1 36.Kf4 Rg1 37.h3 Rc1
38.Nxa6 Kxa6 39.Kg5 Ra1 40.Kf6 Rxa4 41.Kxf7 Kb5 42.Kxe6 Kc4 43.Kf7 Kc3 44.Rd1 Kc2
45.Rf1 Rxd4 46.e6 Rc4 47.e7 Rc7 48.Ra1  1-0

[Event "COQ Open"]
[Site "Quebec CAN"]
[Date "2001.07.27"]
[Round "8"]
[White "Oral,T"]
[Black "Luksza,A"]
[Result "1-0"]
[WhiteElo "2540"]
[BlackElo "2073"]

1.e4 g6 2.d4 Bg7 3.Nc3 d6 4.Be3 a6 5.f4 b5 6.Be2 b4 7.Na4 Nf6 8.Bf3 Bb7 9.e5 Nd5
10.Bd2 Ra7 11.a3 a5 12.c4 bxc3 13.bxc3 Nb6 14.Nxb6 cxb6 15.Nh3 Bxf3 16.Qxf3 O-O
17.O-O Nd7 18.Rf2 Qa8 19.Qd3 Rc7 20.Ng5 Qd5 21.e6 fxe6 22.Qh3 Nf6 23.Nxe6 Rcc8
24.Nxf8 Rxf8 25.Re1  1-0

[Event "ch-LIB"]
[Site "Beruit LIB"]
[Date "2001.07.29"]
[Round "3.2"]
[White "Somev,A"]
[Black "Abdulaziz,M"]
[Result "0-1"]
[WhiteElo "2114"]
[BlackElo "2164"]

1.e4 g6 2.d4 d6 3.Nc3 Bg7 4.g3 Nf6 5.Bg2 O-O 6.Nge2 e5 7.h3 Nc6 8.Be3 exd4
9.Nxd4 Nxd4 10.Bxd4 Bd7 11.Qd2 Bc6 12.O-O-O Nd7 13.Bxg7 Kxg7 14.f4 f6 15.g4 Qe7
16.h4 Rae8 17.Rde1 Qf7 18.Qd4 Nb6 19.b3 Kg8 20.Bf3 Qg7 21.Qd3 Nd7 22.Nd5 Nc5
23.Qc4 Kh8 24.Kb1 b5 25.Qd4 Ne6 26.Qe3 Nc5 27.Qd2 Bxd5 28.Qxd5 a5 29.Rh2 b4
30.Qd2 a4 31.f5 axb3 32.cxb3 Re5 33.Re3 Rfe8 34.Qxb4 gxf5 35.Rg2 fxe4 36.Be2 f5
37.Rf2 fxg4 38.h5 Rxh5 39.Qc3 Qxc3 40.Rxc3 e3  0-1

[Event "MTO"]
[Site "Biel SUI"]
[Date "2001.07.29"]
[Round "6"]
[White "Solak,D"]
[Black "Belotelov,D"]
[Result "1-0"]
[WhiteElo "2486"]
[BlackElo "2308"]

1.e4 g6 2.d4 Bg7 3.Nc3 d6 4.Be3 Nf6 5.f3 c6 6.Qd2 Qa5 7.g4 h5 8.g5 Nfd7 9.f4 d5
10.f5 dxe4 11.fxg6 fxg6 12.Nge2 Nb6 13.Nxe4 Qxd2+ 14.Bxd2 Nc4 15.O-O-O Nxd2
16.Rxd2 h4 17.Nf4 Rf8 18.Nxg6 Bf5 19.Nxf8 Bxe4 20.Ne6 Bxh1 21.Nc7+ Kd8 22.Nxa8 Nd7
23.Bg2 Bxg2 24.Rxg2 Bxd4 25.Rg4 Bf2 26.g6 Nf6 27.g7 Ng8 28.Kd2  1-0

[Event "MTO"]
[Site "Biel SUI"]
[Date "2001.07.29"]
[Round "6"]
[White "Senff,M"]
[Black "Avrukh,B"]
[Result "0-1"]
[WhiteElo "2459"]
[BlackElo "2598"]

1.e4 d6 2.d4 g6 3.Nc3 Bg7 4.Nf3 Nf6 5.Be2 O-O 6.O-O a6 7.Re1 Nc6 8.d5 Nb8
9.a4 Bg4 10.Bf4 Nbd7 11.h3 Bxf3 12.Bxf3 c6 13.Qd2 Qa5 14.g4 Ne5 15.Bxe5 dxe5
16.g5 Ne8 17.dxc6 bxc6 18.Qd7 e6 19.Qxc6 Rb8 20.Rab1 Rb6 21.Qd7 Rd6 22.Qe7 Qb6
23.Red1 Rxd1+ 24.Rxd1 Qxb2 25.Qc5 Qxc2 26.Be2 f6 27.Bd3 Qb2 28.Bc4 fxg5 29.Bxe6+ Kh8
30.Rd7 Qc1+ 31.Kg2 Qf4 32.Qe3 Qf6 33.Bb3 Qc6 34.Ra7 Nf6 35.Nd5 g4 36.Nxf6 gxh3+
37.Qxh3 Qxf6 38.Qg3 Qb6 39.Qe3 Qxe3 40.fxe3 Bh6 41.Rxa6 Bxe3 42.a5 Rf2+ 43.Kh1 Rb2
44.Bd5 Kg7 45.Ra8 Kf6 46.a6 Kg5 47.a7 Kh4 48.Rb8 Rd2 49.Rb3 Bxa7 50.Be6 h5
51.Rh3+ Kg5 52.Bf7 Rf2 53.Be8 Rf8 54.Bd7 Bd4 55.Rg3+ Kh6 56.Ra3 Rf6 57.Ra8 Kg5
58.Rg8 Kh4 59.Be8 g5  0-1

[Event "Pre-Continental g/25,10"]
[Site "Sao Paulo BRA"]
[Date "2001.07.29"]
[Round "6"]
[White "Matsuura,E"]
[Black "Lima,Da"]
[Result "1/2-1/2"]
[WhiteElo "2437"]
[BlackElo "2543"]

1.e4 g6 2.d4 Bg7 3.Nc3 d6 4.f4 a6 5.a4 Nf6 6.Nf3 c5 7.dxc5 Qa5 8.Bd3 Qxc5
9.Qe2 O-O 10.Be3 Qa5 11.O-O Bg4 12.h3 Bxf3 13.Qxf3 Nc6 14.Qf2 Nd7 15.Nd5 e6
16.Nb6 Nxb6 17.Bxb6 Qxb6 18.Qxb6 Bd4+ 19.Qxd4 Nxd4 20.Rad1 Nc6 21.Kf2 Rac8
22.Rd2 Rfd8 23.Rfd1 Nb4 24.c3 Nxd3+ 25.Rxd3 Rc4 26.Rd4 Rxd4 27.Rxd4 Kf8 28.Ke3 Ke7
29.Rb4 Rd7 30.Rc4 Kd8 31.b4 h5 32.g3 f5 33.Rd4 Ke7 34.Rd1 Rc7 35.Rd3 Rc4
36.exf5 gxf5 37.Kd2 a5 38.Rd4 Rxd4+ 39.cxd4 axb4 40.Kc2 e5 41.dxe5 dxe5 42.fxe5 h4
43.gxh4 f4 44.h5 f3 45.h6 f2 46.h7 f1=Q 47.h8=Q Qc4+ 48.Kd2 Qc3+ 49.Ke2 Qc2+
50.Ke3 Qc3+ 51.Ke4 Qc4+ 52.Ke3 Qc3+  1/2-1/2